000 00379pab a2200157 454500
008 180718b1983 xxu||||| |||| 00| 0 eng d
100 _aCottle, Rex L.
245 _aPrice instability
_bA virtue or a vice
260 _c1983
300 _a285-93
362 _aJan.
650 _aPrices
700 _aMyles S. Wallace
773 _aIndian Journal of Economics
909 _a16099
999 _c16099
_d16099